Lập trình JAVA thế nào?

Guardat en:
Dades bibliogràfiques
Autor principal: Hoàng Ngọc Giao
Format: Llibre
Idioma:Vietnamese
Publicat: TKE 1998
Etiquetes: Afegir etiqueta
Sense etiquetes, Sigues el primer a etiquetar aquest registre!
Thư viện lưu trữ: Mạng thư viện Đại học Đà Nẵng
LEADER 00590nam a2200265 4500
001 000026788
003 809
005 20150325120000.0
008 150325s vm 000 vie
020 |c 0,0000 
040 |a NOTTS 
100 |a Hoàng Ngọc Giao 
245 |a Lập trình JAVA thế nào? 
260 |b TKE  |c 1998 
OWN |a LTT 
999 |a From the UDN01 
TYP |a Monograph 
TYP |a Printed language 
980 |a Mạng thư viện Đại học Đà Nẵng